00725nim a2200169 a 450000500170000000800410001704000250005804100080008310000390009124501230013025700130025326401360026630000310040265000370043365000460047070000390051620170215120801.0140123b2003 ck ||||| |||| 00| 0 spa d aCO-BoIAVHcCO-BoIAVH aspa1 aCórdoba Córdoba, Sergioeautor10aGuía sonora de las aves del departamento de Norte de Santander :bCucutilla, Toledo y Parque Nacional Natural Tamá aColombia aBogotá:bInstituto de Investigación de Recursos Biológicos Alexander von Humboldt. Colección de Sonidos Ambientalesc2003. a1 DVDb51 archivos sonoros1 aAveszSantander (Dpto)zColombia aCanto de aveszSantander (Dpto)zColombia1 aAlvarez Rebolledo, Mauricioeautor